000 02368nam a22003257a 4500
999 _c116539
_d116539
003 KOHA_MİRAKIL
005 20240814100434.0
008 231006b ||||| |||| 00| 0 eng d
020 _a8699466000550
040 _aTR-IsTIV
_btur
_cTR-IsTIV
041 _atur
_ctur
_htur
090 _aDVD8.0936
100 1 _aGencebay, Orhan.
_d1944-
245 1 0 _aOrhan Gencebay ile bir ömür [CD ROM sound recording]
_b33 sanatçı 33 eser
_cOrhan Gencebay, Polat Yağcı
260 _aİstanbul
_bKervan Plakçılık
_c2012
300 _b2 sounddiscs sd., col. ; c 4 3/4 in. +|e1 kitapçık.[35 sayfa]
505 _a CD 1.Severek ayrılalım / Ajda Pekkan Bir araya gelemeyiz Athena -- $t Dünya dönüyor / Berkay Beni böyle sev /Candan Erçetin --Farkında mısın /Demet Akalın -- Benim dünyam / Deniz Seki Gönül / Duman -- Dil yarası /Ebru Gündeş --Hayat devam ediyor / Emel Sayın -- Bir teselli ver / Emre Aydın Kaderimin oyunu / Hande Yener / Kabahat seni sevende / İzel -- Ben o zaman ölürüm / Kutsi -- Ya evde yoksan / Manga Yarabbim / Mustafa Ceceli -- Kır gönlünün zincirini / Mustafa Sandal -- Dertler benim olsun Nilüfer --Batsın bu dünya / Koro. CD 2. Gitti de gitti / Nükhet Duru -- Vazgeç gönlüm / Özcan Deniz --Beni bira anlasaydın / Rafet El Roman --Dokunma Seksendört -- Hor görme garibi / Serdar Ortaç -- Akşam güneşi / Sezen Aksu -- Bilmesin o felek / Sibel Can Kahrolayım / Şevval Sam --Hatasız kul olmaz / Tarkan Gurbet / Volkan Konak Yorgun gözler / Yaşar Aşkımı sakla / Yıldız Tilbe Neyi değiştirdik ki / Yıldız Usmanova Dilenci / Zara Sev dedi gözlerim / Batsın bu dünya / Koro.
610 _aKervan Plakçılık
610 _aPoll Production
610 _aDoğan Müzik Dağıtım
650 0 0 _aArabesk ve Fantezi Müzik
_vArabesk ve Fantezi Müzik|xAlbümler|zTürkiye
_xTribute Albümler|xArabesk ve Fantezi Müzik|zTürkiye
_xSoundrecordings
_xSounddiscs
_xMüzik CD Albümleri Türvak Arşivi
_y2012
_zTürkiye
700 1 _aGencebay, Altan
_eYapımcı
700 1 _aGencebay, Orhan
_eYapımcı
700 1 _aYağcı, Polat
_eYapımcı
700 1 _aÖcal, Cem
_eKoordinatör
700 1 _aArslan, Nil
_eKoordinatör
700 1 _aÖzcan, İlhan
_eKoordinatör
856 _3Orhan Gencebay ile Bir Ömür Kartonet
_uhttps://disk.yandex.com/i/vbnGfU2WUtIb3Q
942 _2ddc
_cGR